| 000 | 00419nam a2200181Ia 4500 | ||
|---|---|---|---|
| 008 | 170918s9999 xx 000 0 und d | ||
| 020 | _a345380371 | ||
| 050 | _bC928ri 1992 | ||
| 100 | _aCrichton, Michael | ||
| 245 | _aRising sun / | ||
| 245 | _cby Michael Crichton. | ||
| 260 | _aUSA : | ||
| 260 | _bRandom House, | ||
| 260 | _c1992 | ||
| 300 | _a399 pages : | ||
| 300 | _billustrations ; | ||
| 300 | _c19cm. | ||
| 999 |
_c343432 _d343432 |
||